[Event "Mezinarodni turnaj - CALLIDITAS OPEN"]
[Site "Plzen"]
[Date "2020.08.23"]
[Round "1"]
[Board "1"]
[White "Eret, Matouš"]
[Black "Šeterle, Matej"]
[Result "1-0"]
[WhiteElo "2195"]
[BlackElo "1745"]
[PlyCount "63"]
[EventDate "2020.08.23"]
[EventRounds "9"]
[EventCountry "CZE"]

1. e4 c5 2. Nf3 e6 3. d4 cxd4 4. Nxd4 a6 5. Nc3 b5 6. a3 Bb7 7. g3 Qc7 8. Bg2
Nf6 9. O-O Be7 10. Re1 O-O 11. e5 Ne8 12. Ne4 g6 13. Bf4 Ng7 14. Qg4 Qb6 15.
Bg5 Bxg5 16. Qxg5 Bxe4 17. Bxe4 Nc6 18. Nf3 Ne8 19. Qh6 f6 20. Bxg6 hxg6 21.
Qxg6+ Ng7 22. exf6 Rxf6 23. Qxf6 Rf8 24. Qc3 Nf5 25. Rad1 Rf7 26. Re4 Rg7 27.
Nh4 Nh6 28. Qf6 Kh7 29. Rxd7 Rxd7 30. Qg6+ Kh8 31. Qxh6+ Kg8 32. Qxe6+  1-0

[Event "Mezinarodni turnaj - CALLIDITAS OPEN"]
[Site "Plzen"]
[Date "2020.08.23"]
[Round "1"]
[Board "2"]
[White "Novotný, Jaromír"]
[Black "Tscharotschkin, Michael"]
[Result "0-1"]
[WhiteElo "1737"]
[BlackElo "2174"]
[PlyCount "71"]
[EventDate "2020.08.23"]
[EventRounds "9"]
[EventCountry "CZE"]

1. e4 e6 2. d4 d5 3. exd5 exd5 4. Bd3 Bd6 5. Nc3 c6 6. Nge2 Ne7 7. Ng3 O-O 8.
Nce2 Re8 9. c3 Nd7 10. Qc2 Nf8 11. Be3 Neg6 12. O-O-O Bg4 13. Rde1 Bxe2 14.
Rxe2 Nf4 15. Bxf4 Bxf4+ 16. Kb1 Rxe2 17. Qxe2 g6 18. Re1 Qd7 19. Qe7 Bxg3 20.
Qxd7 Nxd7 21. hxg3 Kf8 22. Kc2 Re8 23. Rxe8+ Kxe8 24. Kd2 Ke7 25. Ke3 h5 26.
Be2 f5 27. Kf4 Kf6 28. Bd1 Nf8 29. Ke3 Ne6 30. f4 Nc7 31. Be2 Ne8 32. Bd1 Nd6
33. Be2 Ne4 34. Kf3 Ke6 35. Bd3 Kd6 36. b4  0-1

[Event "Mezinarodni turnaj - CALLIDITAS OPEN"]
[Site "Plzen"]
[Date "2020.08.23"]
[Round "1"]
[Board "3"]
[White "Arndt, Stefan"]
[Black "Soutner, Jaroslav"]
[Result "1-0"]
[WhiteElo "2168"]
[BlackElo "1726"]
[PlyCount "67"]
[EventDate "2020.08.23"]
[EventRounds "9"]
[EventCountry "CZE"]

1. e4 e5 2. Nf3 Nc6 3. Bc4 Nf6 4. d4 exd4 5. e5 d5 6. Bb5 Ne4 7. Nxd4 Bd7 8.
Bxc6 bxc6 9. O-O Bc5 10. f3 Ng5 11. f4 Ne6 12. c3 Qh4 13. Be3 Bxd4 14. cxd4 g6
15. Nd2 Ng7 16. Nb3 O-O 17. Qd2 Rfb8 18. Rac1 Nf5 19. Bf2 Qh5 20. Rc3 Ne7 21.
h3 Rb5 22. Nc5 Bc8 23. b3 Rab8 24. g4 Qh6 25. Rg3 Rb4 26. Be3 Qh4 27. Kh2 Kf8
28. f5 h6 29. fxg6 Nxg6 30. e6 f6 31. Rgf3 Ke7 32. Rxf6 Qxf6 33. Rxf6 Kxf6 34.
Qf2+  1-0

[Event "Mezinarodni turnaj - CALLIDITAS OPEN"]
[Site "Plzen"]
[Date "2020.08.23"]
[Round "1"]
[Board "4"]
[White "Hoerhold, Karola"]
[Black "Hába, Zdenek"]
[Result "0-1"]
[WhiteElo "1725"]
[BlackElo "2163"]
[PlyCount "60"]
[EventDate "2020.08.23"]
[EventRounds "9"]
[EventCountry "CZE"]

1. e4 c5 2. Nf3 e6 3. d4 cxd4 4. Nxd4 a6 5. Nc3 b5 6. Bd3 Bc5 7. Be3 Qb6 8.
Nce2 Nc6 9. c3 e5 10. Nf5 Bxe3 11. Nxe3 Nf6 12. Nd5 Nxd5 13. exd5 Ne7 14. d6
Qxd6 15. Qc2 Bb7 16. O-O-O Qe6 17. Be4 d5 18. Bf3 e4 19. Nd4 Qh6+ 20. Kb1 exf3
21. Rhe1 Bc8 22. Qb3 Qd6 23. Nxf3 O-O 24. Nd4 Nf5 25. Nf3 Be6 26. Ng5 h6 27.
Nxe6 fxe6 28. g3 Kh8 29. f4 Qb6 30. Qc2 b4  0-1

[Event "Mezinarodni turnaj - CALLIDITAS OPEN"]
[Site "Plzen"]
[Date "2020.08.23"]
[Round "1"]
[Board "5"]
[White "Palek, Miroslav"]
[Black "Toman, Jan"]
[Result "1-0"]
[WhiteElo "2158"]
[BlackElo "1724"]
[PlyCount "71"]
[EventDate "2020.08.23"]
[EventRounds "9"]
[EventCountry "CZE"]

1. e4 e5 2. Nf3 Nc6 3. Bb5 a6 4. Ba4 Nf6 5. O-O Be7 6. Qe2 b5 7. Bb3 d6 8. a4
Bb7 9. c3 O-O 10. d4 Re8 11. Rd1 Bf8 12. Ng5 Re7 13. d5 Nb8 14. axb5 axb5 15.
Rxa8 Bxa8 16. Na3 c6 17. dxc6 Bxc6 18. Nxb5 Rb7 19. Bc4 h6 20. Nf3 Nxe4 21.
Nxe5 Bxb5 22. Qxe4 Qb6 23. Be3 Qa6 24. Bxb5 Qxb5 25. Nd3 d5 26. Qg4 Re7 27. g3
Re6 28. b4 Nd7 29. Nf4 Nf6 30. Qf3 Rd6 31. Bc5 Rd7 32. Nxd5 Rxd5 33. Rxd5 Nxd5
34. Qxd5 Bxc5 35. Qxc5 Qd3 36. Qc6  1-0

[Event "Mezinarodni turnaj - CALLIDITAS OPEN"]
[Site "Plzen"]
[Date "2020.08.23"]
[Round "1"]
[Board "6"]
[White "Langmajer, Jan"]
[Black "Kozák, Miloš"]
[Result "0-1"]
[WhiteElo "1716"]
[BlackElo "2135"]
[PlyCount "104"]
[EventDate "2020.08.23"]
[EventRounds "9"]
[EventCountry "CZE"]

1. e4 c6 2. d4 d5 3. exd5 cxd5 4. c4 Nf6 5. Nc3 Nc6 6. Nf3 Bg4 7. cxd5 Nxd5 8.
Qb3 Bxf3 9. gxf3 e6 10. Qxb7 Nxd4 11. Bb5+ Nxb5 12. Qc6+ Ke7 13. Nxb5 Rb8 14.
a4 Qb6 15. Qxb6 axb6 16. Be3 Kd7 17. Ke2 Bb4 18. Rhg1 Rhc8 19. Rac1 Rxc1 20.
Rxc1 Rc8 21. Rxc8 Kxc8 22. Kd3 Kb7 23. Kc4 h5 24. Nd4 Bd6 25. h3 Bf4 26. Nc2 g5
27. b4 h4 28. Kd3 f5 29. Ke2 Nc3+ 30. Kd3 Bxe3 31. Kxe3 Nd5+ 32. Ke2 Nf4+ 33.
Kf1 Nxh3 34. Nd4 Nf4 35. b5 Kc7 36. Nc6 Nd5 37. Ne5 Nc3 38. Nf7 Nxa4 39. Nxg5
Kd6 40. f4 Nc3 41. Nf3 h3 42. Ng5 h2 43. Kg2 Nxb5 44. Kxh2 Nd4 45. Nf7+ Kc5 46.
Ne5 b5 47. Kg3 b4 48. f3 b3 49. Kf2 Kb4 50. Ke3 Kc3 51. Nd3 Nc2+ 52. Ke2 b2  0-1

[Event "Mezinarodni turnaj - CALLIDITAS OPEN"]
[Site "Plzen"]
[Date "2020.08.23"]
[Round "1"]
[Board "7"]
[White "Bullen, Alex"]
[Black "Molnár, Ladislav"]
[Result "1/2-1/2"]
[WhiteElo "2116"]
[BlackElo "1698"]
[PlyCount "113"]
[EventDate "2020.08.23"]
[EventRounds "9"]
[EventCountry "CZE"]

1. d4 e6 2. g3 d5 3. Nf3 c5 4. c4 cxd4 5. Nxd4 Nc6 6. Bg2 Nf6 7. O-O Be7 8. Nc3
O-O 9. cxd5 exd5 10. Bf4 Be6 11. Rc1 Rc8 12. Nb3 Qd7 13. Nb5 a6 14. N5d4 Nxd4
15. Nxd4 Rxc1 16. Bxc1 Rc8 17. Qd3 Qa4 18. a3 Qc4 19. Qxc4 Rxc4 20. Rd1 Bc5 21.
Nxe6 fxe6 22. Bf3 Kf7 23. e3 Rc2 24. b4 Bb6 25. a4 a5 26. Bd2 axb4 27. Bxb4 Ra2
28. Rb1 Bc7 29. Bc5 b6 30. Bxb6 Bxb6 31. Rxb6 Rxa4 32. h3 h5 33. Be2 Ra2 34.
Bd3 Ra7 35. Kg2 Nd7 36. Rb4 g6 37. Bb1 Kf6 38. Kf3 Ne5+ 39. Ke2 Nc4 40. Rb3 Ne5
41. Rb8 Nc4 42. Rg8 Rg7 43. Rxg7 Kxg7 44. f4 Kf6 45. Bd3 Nd6 46. Kf3 Nf7 47.
Ba6 Nh6 48. Bb7 Nf7 49. Bc6 Nd6 50. g4 hxg4+ 51. hxg4 g5 52. f5 exf5 53. Bxd5
fxg4+ 54. Kxg4 Nf5 55. e4 Nd6 56. e5+ Kxe5 57. Kxg5  1/2-1/2

[Event "Mezinarodni turnaj - CALLIDITAS OPEN"]
[Site "Plzen"]
[Date "2020.08.23"]
[Round "1"]
[Board "8"]
[White "Berka, Luboš"]
[Black "Novotný, Ondrej"]
[Result "0-1"]
[WhiteElo "1695"]
[BlackElo "2031"]
[PlyCount "68"]
[EventDate "2020.08.23"]
[EventRounds "9"]
[EventCountry "CZE"]

1. e4 e5 2. Nf3 Nc6 3. d4 exd4 4. Nxd4 Bc5 5. Be3 Qf6 6. c3 Nge7 7. Be2 Qg6 8.
Bf3 Ne5 9. O-O O-O 10. Nd2 d6 11. Bh5 Qf6 12. f4 N5c6 13. N2b3 Bb6 14. Qe2 Be6
15. Nxe6 fxe6 16. Bxb6 axb6 17. g4 h6 18. f5 e5 19. Nd2 d5 20. Nf3 Ra4 21. b4
Rd8 22. Rad1 Kh8 23. h4 dxe4 24. Qxe4 Rd6 25. Rfe1 b5 26. Rxd6 cxd6 27. Qd3
Rxa2 28. Bg6 Nxg6 29. fxg6 Qf4 30. Re2 Qxg4+ 31. Kf2 Rxe2+ 32. Kxe2 e4 33. Qxd6
exf3+ 34. Ke1 Qe4+  0-1

[Event "Mezinarodni turnaj - CALLIDITAS OPEN"]
[Site "Plzen"]
[Date "2020.08.23"]
[Round "1"]
[Board "9"]
[White "Novácek, Karel"]
[Black "Chval, Zdenek"]
[Result "1-0"]
[WhiteElo "2030"]
[BlackElo "1676"]
[PlyCount "41"]
[EventDate "2020.08.23"]
[EventRounds "9"]
[EventCountry "CZE"]

1. e4 c5 2. Nc3 Nc6 3. f4 d6 4. Nf3 Nf6 5. Bb5 Bd7 6. O-O e6 7. d3 Be7 8. e5
Nd5 9. Ne4 dxe5 10. fxe5 Qc7 11. c4 Nb6 12. Bf4 O-O 13. Nfg5 h6 14. Nf6+ Bxf6
15. exf6 e5 16. Bxc6 bxc6 17. Be3 hxg5 18. Qh5 gxf6 19. Rxf6 Bf5 20. Rxf5 f6
21. Bxc5  1-0

[Event "Mezinarodni turnaj - CALLIDITAS OPEN"]
[Site "Plzen"]
[Date "2020.08.23"]
[Round "1"]
[Board "10"]
[White "Macho, Miloslav"]
[Black "Pacl, Václav"]
[Result "1/2-1/2"]
[WhiteElo "1661"]
[BlackElo "2021"]
[PlyCount "95"]
[EventDate "2020.08.23"]
[EventRounds "9"]
[EventCountry "CZE"]

1. g3 d5 2. Nf3 c6 3. b3 Bf5 4. Bb2 e6 5. Bg2 h6 6. O-O Nf6 7. d3 Bc5 8. Nbd2
O-O 9. Bd4 Ba3 10. Nh4 Bh7 11. f4 c5 12. Bxf6 Qxf6 13. e4 Nc6 14. e5 Qe7 15.
Rb1 Bb4 16. Nhf3 Bc3 17. Kh1 Kh8 18. Ng1 f6 19. exf6 Bxf6 20. Ndf3 e5 21. fxe5
Nxe5 22. Nxe5 Qxe5 23. Re1 Qd6 24. Ne2 Bg8 25. Nf4 Bc3 26. Rf1 Rad8 27. Qh5 Rf6
28. Ne2 Qe5 29. Qxe5 Bxe5 30. Rxf6 Bxf6 31. Nf4 b6 32. Re1 Bf7 33. Ne6 Rd6 34.
Nf4 g5 35. Nh3 Kg7 36. Nf2 h5 37. Nd1 Kg6 38. Nf2 b5 39. g4 h4 40. Bf3 Ra6 41.
Nd1 Rxa2 42. Ne3 d4 43. Be4+ Kg7 44. Nf5+ Kf8 45. Rf1 Ra6 46. Nh6 Rb6 47. Nxf7
Kxf7 48. Rf5  1/2-1/2

[Event "Mezinarodni turnaj - CALLIDITAS OPEN"]
[Site "Plzen"]
[Date "2020.08.23"]
[Round "1"]
[Board "11"]
[White "Kubát, Miroslav"]
[Black "Klabeneš, Petr"]
[Result "1-0"]
[WhiteElo "2019"]
[BlackElo "1660"]
[PlyCount "99"]
[EventDate "2020.08.23"]
[EventRounds "9"]
[EventCountry "CZE"]

1. e4 c5 2. Nc3 e6 3. d3 Nc6 4. g3 a6 5. a4 d6 6. Bg2 Nf6 7. Nge2 Be7 8. O-O
O-O 9. f4 Qc7 10. h3 Bd7 11. g4 h6 12. Be3 Rac8 13. Ng3 Nd4 14. Nce2 Qb6 15. b3
e5 16. f5 Bc6 17. Nc1 Bd7 18. c3 Nc6 19. Kh2 Qa5 20. Nce2 b5 21. axb5 Qxb5 22.
Bf3 Nh7 23. Qc2 Rb8 24. Rfb1 Ng5 25. Bg2 a5 26. Ng1 Bc8 27. h4 Nh7 28. Nf3 Ba6
29. Bf1 Qb7 30. g5 hxg5 31. hxg5 Qd7 32. Qg2 d5 33. c4 d4 34. Bd2 Qc7 35. Be2
Nb4 36. Rb2 Bb7 37. Qh3 Nxg5 38. Nxg5 Bxg5 39. Bxg5 f6 40. Bd2 Kf7 41. Qh5+ Ke7
42. Qg4 Rh8+ 43. Kg2 Kd6 44. Bxb4 axb4 45. Rba2 Rbg8 46. Rh1 Rxh1 47. Kxh1 Bc8
48. Qg6 Rh8+ 49. Bh5 Rh6 50. Qe8  1-0

[Event "Mezinarodni turnaj - CALLIDITAS OPEN"]
[Site "Plzen"]
[Date "2020.08.23"]
[Round "1"]
[Board "12"]
[White "Kalista, Karel"]
[Black "Folková, Martina"]
[Result "0-1"]
[WhiteElo "1656"]
[BlackElo "2001"]
[PlyCount "116"]
[EventDate "2020.08.23"]
[EventRounds "9"]
[EventCountry "CZE"]

1. d4 d5 2. c4 e6 3. Nc3 c6 4. Nf3 dxc4 5. a4 Bb4 6. e3 b5 7. Ne5 Nf6 8. Bd2 a5
9. axb5 Bxc3 10. Bxc3 cxb5 11. Be2 Nd5 12. Bd2 O-O 13. O-O Bb7 14. f3 f6 15.
Ng4 Nc6 16. e4 Nde7 17. Be3 f5 18. exf5 Nxf5 19. d5 Qxd5 20. Bf2 Rfd8 21. Ne3
Qxd1 22. Rfxd1 Nfd4 23. Bf1 Nb3 24. Rxd8+ Rxd8 25. Rd1 Rxd1 26. Nxd1 Nb4 27.
Ne3 Nd3 28. Bxd3 cxd3 29. Kf1 Ba6 30. Ke1 Kf7 31. Nf1 e5 32. Nd2 Nxd2 33. Kxd2
b4 34. b3 a4 35. bxa4 Ke6 36. Bc5 b3 37. Ba3 Kd5 38. Bb2 g5 39. Ke3 h5 40. Bc3
g4 41. Bb2 Ke6 42. Bc3 Kf5 43. Bb2 gxf3 44. gxf3 h4 45. Bc3 h3 46. Bb2 Bb7 47.
a5 d2 48. Kxd2 Kf4 49. Ke2 Bxf3+ 50. Kf2 Bb7 51. Bc1+ Ke4 52. Ke2 Ba6+ 53. Kd2
Kf3 54. Bb2 e4 55. Ke1 e3 56. Bd4 Ke4 57. Bb2 Kd3 58. Kd1 e2+  0-1

[Event "Mezinarodni turnaj - CALLIDITAS OPEN"]
[Site "Plzen"]
[Date "2020.08.23"]
[Round "1"]
[Board "13"]
[White "Hoke, Petr"]
[Black "Cížek, Jan"]
[Result "0-1"]
[WhiteElo "1980"]
[BlackElo "1645"]
[PlyCount "80"]
[EventDate "2020.08.23"]
[EventRounds "9"]
[EventCountry "CZE"]

1. g3 Nf6 2. Bg2 d5 3. d3 Bf5 4. Nd2 c6 5. b3 e5 6. Bb2 Bd6 7. e3 Nbd7 8. Ne2
O-O 9. O-O Re8 10. Nf3 Qc7 11. Nh4 Bg4 12. h3 Be6 13. f4 Nf8 14. f5 Bd7 15. g4
h6 16. c4 Qb6 17. Qd2 Rad8 18. Bc3 Bc7 19. d4 exd4 20. exd4 Ne4 21. Qd3 dxc4
22. bxc4 Nxc3 23. Nxc3 Bc8 24. Nf3 Nh7 25. Rfd1 Bf4 26. c5 Qa5 27. Ne4 b6 28.
Qc2 Qa3 29. Rd3 Qa5 30. Nfd2 Ba6 31. Nc4 Bxc4 32. Qxc4 b5 33. Qb3 Ng5 34. Rf1
Nxe4 35. Rxf4 Nd2 36. Qc2 Re2 37. Kh1 Rde8 38. Qc3 Qc7 39. Rdf3 Nxf3 40. Qxf3
R8e3  0-1

[Event "Mezinarodni turnaj - CALLIDITAS OPEN"]
[Site "Plzen"]
[Date "2020.08.23"]
[Round "1"]
[Board "14"]
[White "Cipl, Jan"]
[Black "Schubert, Gerhard"]
[Result "1-0"]
[WhiteElo "1634"]
[BlackElo "1976"]
[PlyCount "75"]
[EventDate "2020.08.23"]
[EventRounds "9"]
[EventCountry "CZE"]

1. e4 d6 2. d4 Nf6 3. Nc3 c6 4. Bf4 Qa5 5. Qd2 e5 6. dxe5 dxe5 7. Bg5 Nbd7 8.
a3 Be7 9. Bc4 O-O 10. Nge2 Rd8 11. Qe3 Nf8 12. O-O Be6 13. b4 Qc7 14. Bxe6 Nxe6
15. Bh4 a5 16. b5 Nd4 17. Rfc1 Nxb5 18. Nxb5 cxb5 19. Nc3 Qc4 20. Bxf6 Bxf6 21.
Nd5 Ra6 22. c3 h6 23. Rd1 Rdd6 24. h3 Bg5 25. Qf3 Rac6 26. Rd3 Qb3 27. Qf5 g6
28. Qxe5 Re6 29. Qb8+ Kg7 30. Qxb7 Qc4 31. Rd4 Qe2 32. Rad1 Bf6 33. Nf4 Qc2 34.
Nxe6+ Rxe6 35. Rd7 Rxe4 36. Rxf7+ Kg8 37. Rd8+ Bxd8 38. Rg7+  1-0

[Event "Mezinarodni turnaj - CALLIDITAS OPEN"]
[Site "Plzen"]
[Date "2020.08.23"]
[Round "1"]
[Board "15"]
[White "Nosek, Jan"]
[Black "Zach, Tomáš"]
[Result "1-0"]
[WhiteElo "1968"]
[BlackElo "1617"]
[PlyCount "53"]
[EventDate "2020.08.23"]
[EventRounds "9"]
[EventCountry "CZE"]

1. e4 e5 2. Nf3 Nf6 3. Nc3 d6 4. d4 exd4 5. Nxd4 Bd7 6. Be2 Be7 7. O-O O-O 8.
Be3 Nc6 9. f4 Nxd4 10. Bxd4 Bc6 11. Bd3 Ne8 12. Bc4 Bxe4 13. Nxe4 d5 14. Bxg7
Nxg7 15. Qxd5 Qxd5 16. Bxd5 c6 17. Bb3 Kh8 18. f5 f6 19. Rae1 Rae8 20. g4 b6
21. Kf2 Bc5+ 22. Nxc5 bxc5 23. Rxe8 Rxe8 24. Rd1 Rc8 25. Rd7 a5 26. Bf7 Ne8 27.
Be6  1-0

[Event "Mezinarodni turnaj - CALLIDITAS OPEN"]
[Site "Plzen"]
[Date "2020.08.23"]
[Round "1"]
[Board "16"]
[White "Kotešovec, Jaroslav"]
[Black "Vantuch, Lucian"]
[Result "0-1"]
[WhiteElo "1585"]
[BlackElo "1966"]
[PlyCount "66"]
[EventDate "2020.08.23"]
[EventRounds "9"]
[EventCountry "CZE"]

1. e4 c5 2. Nf3 e6 3. d4 cxd4 4. Nxd4 a6 5. Bd3 Bc5 6. Be3 Qb6 7. Nb3 Bxe3 8.
fxe3 Qxe3+ 9. Qe2 Qxe2+ 10. Bxe2 Nc6 11. Nc3 Nge7 12. O-O O-O 13. a3 f5 14.
exf5 Nxf5 15. Bd3 g6 16. Rae1 d6 17. Ne4 e5 18. h3 d5 19. Nc3 e4 20. Be2 Rd8
21. Nxd5 Rxd5 22. Bc4 Be6 23. Rxe4 Bf7 24. Bxd5 Bxd5 25. Ref4 Re8 26. g4 Ng3
27. R1f2 Ne2+ 28. Kf1 Nxf4 29. Rxf4 Bxb3 30. cxb3 Re3 31. Kg2 Rxb3 32. Rf2 Ne5
33. Re2 Nd3  0-1

[Event "Mezinarodni turnaj - CALLIDITAS OPEN"]
[Site "Plzen"]
[Date "2020.08.23"]
[Round "1"]
[Board "17"]
[White "Bassani, Eduardo"]
[Black "Kratochvílová, Magdalena"]
[Result "1-0"]
[WhiteElo "1957"]
[BlackElo "1580"]
[PlyCount "61"]
[EventDate "2020.08.23"]
[EventRounds "9"]
[EventCountry "CZE"]

1. d4 d5 2. c4 c6 3. Nf3 Nf6 4. Nc3 e6 5. Bg5 Be7 6. e3 Nbd7 7. Bd3 dxc4 8.
Bxc4 b5 9. Bb3 a6 10. O-O c5 11. Qe2 O-O 12. Rfd1 c4 13. Bc2 Bb7 14. a3 Nb6 15.
e4 Re8 16. Rac1 Bc6 17. Ne5 Qc7 18. Nxc6 Qxc6 19. g3 Rad8 20. e5 Nfd5 21. Bxe7
Nxe7 22. Qg4 Ng6 23. h4 a5 24. Ne4 Kh8 25. Ng5 Qd7 26. Nxh7 Ne7 27. Nf6 gxf6
28. Qh5+ Kg8 29. Qh7+ Kf8 30. Qh6+ Kg8 31. Bh7+  1-0

[Event "Mezinarodni turnaj - CALLIDITAS OPEN"]
[Site "Plzen"]
[Date "2020.08.23"]
[Round "1"]
[Board "18"]
[White "Nagyová, Daniela"]
[Black "Bechynský, Jan"]
[Result "0-1"]
[WhiteElo "1572"]
[BlackElo "1955"]
[PlyCount "110"]
[EventDate "2020.08.23"]
[EventRounds "9"]
[EventCountry "CZE"]

1. e4 Nf6 2. e5 Nd5 3. Nc3 Nb6 4. d4 d6 5. exd6 exd6 6. Nf3 Be7 7. Be3 O-O 8.
Bd3 Bg4 9. h3 Bh5 10. g4 Bg6 11. Bxg6 fxg6 12. Qe2 d5 13. O-O-O Nc4 14. h4 Nxe3
15. Qxe3 c6 16. Kb1 Nd7 17. g5 Qe8 18. Rde1 Bb4 19. Qd3 Qf7 20. Re3 Rae8 21.
Rhe1 Rxe3 22. Rxe3 Nb6 23. Nd1 Qf4 24. b3 c5 25. c3 c4 26. Qf1 Bd6 27. Qh3 cxb3
28. axb3 a5 29. Ne5 Bxe5 30. Rxe5 Kh8 31. h5 gxh5 32. Qxh5 Nd7 33. Re3 Qf5+ 34.
Kb2 Nf6 35. Qh4 Ne4 36. f3 Nxg5 37. Re5 Qxf3 38. Qxg5 Qxd1 39. Rf5 Qe2+ 40. Ka3
Re8 41. Rxd5 h6 42. Qf5 Qe7+ 43. Ka4 b6 44. Rd7 Qe2 45. Qd5 Qc2 46. Rc7 Rb8 47.
Rb7 Rxb7 48. Qxb7 Qa2+ 49. Kb5 Qxb3+ 50. Ka6 a4 51. Qc6 a3 52. c4 Qc2 53. Kxb6
a2 54. Qa8+ Kh7 55. Kc5 Qb1  0-1

[Event "Mezinarodni turnaj - CALLIDITAS OPEN"]
[Site "Plzen"]
[Date "2020.08.23"]
[Round "1"]
[Board "20"]
[White "Schoeppe, Christian"]
[Black "Ondreját, Miroslav"]
[Result "1-0"]
[WhiteElo "1528"]
[BlackElo "1950"]
[PlyCount "95"]
[EventDate "2020.08.23"]
[EventRounds "9"]
[EventCountry "CZE"]

1. e4 c5 2. c3 Nf6 3. e5 Nd5 4. c4 Nc7 5. Nf3 Nc6 6. Nc3 g6 7. d3 Bg7 8. Bf4
O-O 9. Be2 Ne6 10. Bg3 b6 11. O-O Bb7 12. Nd5 Re8 13. Qd2 a5 14. a3 Ned4 15.
Nxd4 Nxd4 16. Bd1 e6 17. Ne3 f6 18. exf6 Qxf6 19. Ng4 Qe7 20. Bc7 h5 21. Ne3
Bh6 22. Bxb6 Qd6 23. Bxa5 Qc6 24. f4 Rf8 25. Bf3 Nxf3+ 26. Rxf3 Bxf4 27. Bc3
Qd6 28. Rh3 Rf5 29. Nxf5 exf5 30. Qe2 Rf8 31. Re1 Qc6 32. Rf3 Qc7 33. Qe7 Bxh2+
34. Kh1 d5 35. Qe6+ Kh7 36. cxd5 Bd6 37. Be5 Bxe5 38. Rxe5 Rf7 39. d6 Qd7 40.
Qxf7+ Qxf7 41. Re7 Kg8 42. Rxf7 Kxf7 43. Re3 Bc6 44. Re7+ Kf6 45. Rc7 Bb5 46.
Rxc5 Bxd3 47. Rd5 Be4 48. Rd2  1-0

[Event "Mezinarodni turnaj - CALLIDITAS OPEN"]
[Site "Plzen"]
[Date "2020.08.23"]
[Round "1"]
[Board "21"]
[White "Jareš, Michal"]
[Black "Teply Koutsky, David"]
[Result "1-0"]
[WhiteElo "1906"]
[BlackElo "1512"]
[PlyCount "23"]
[EventDate "2020.08.23"]
[EventRounds "9"]
[EventCountry "CZE"]

1. Nf3 e6 2. g3 f5 3. Bg2 Nf6 4. d4 d5 5. Bf4 Bb4+ 6. c3 Bd6 7. Nbd2 Bxf4 8.
gxf4 Nbd7 9. e3 b6 10. Ne5 Ne4 11. Qh5+ Ke7 12. Nc6+  1-0

[Event "Mezinarodni turnaj - CALLIDITAS OPEN"]
[Site "Plzen"]
[Date "2020.08.23"]
[Round "1"]
[Board "22"]
[White "Dudová, Pavlína"]
[Black "Nandi, Robin J"]
[Result "1/2-1/2"]
[WhiteElo "1496"]
[BlackElo "1902"]
[PlyCount "115"]
[EventDate "2020.08.23"]
[EventRounds "9"]
[EventCountry "CZE"]

1. e4 e5 2. Nf3 Nc6 3. Bb5 a6 4. Ba4 Nf6 5. O-O Nxe4 6. Re1 Nc5 7. Bxc6 dxc6 8.
Nxe5 Be7 9. d4 Ne6 10. c3 O-O 11. Nd2 c5 12. dxc5 Nxc5 13. Ndf3 Bd6 14. Be3 Be6
15. Qc2 f6 16. Bxc5 fxe5 17. Rad1 Qe7 18. Bxd6 cxd6 19. Rd2 Bg4 20. Qb3+ Kh8
21. Qd5 Bxf3 22. gxf3 Rxf3 23. Qxf3 Qg5+ 24. Kh1 Qxd2 25. Re2 Qc1+ 26. Kg2 Qg5+
27. Kf1 Qe7 28. Qd5 h6 29. Rd2 Rd8 30. Rd3 Qd7 31. Rf3 Qc6 32. Qxc6 bxc6 33.
Rf7 Rb8 34. b3 d5 35. Re7 e4 36. Rc7 Rb6 37. Ke2 a5 38. Ke3 g5 39. Kd4 h5 40.
Ke5 g4 41. Kf5 a4 42. bxa4 Ra6 43. Kg6 c5+ 44. Kxh5 d4 45. Rxc5 d3 46. Rd5 Rxa4
47. Kg6 Ra6+ 48. Kf5 Rxa2 49. Kxe4 Rxf2 50. Rxd3 Rxh2 51. Kf4 Rh3 52. Rg3 Rxg3
53. Kxg3 Kg7 54. Kxg4 Kg6 55. Kf4 Kf6 56. Ke4 Ke6 57. Kd4 Kd6 58. Kc4  1/2-1/2

[Event "Mezinarodni turnaj - CALLIDITAS OPEN"]
[Site "Plzen"]
[Date "2020.08.23"]
[Round "1"]
[Board "23"]
[White "Janecek, Pavel"]
[Black "Mametev, Artem"]
[Result "1-0"]
[WhiteElo "1900"]
[BlackElo "1479"]
[PlyCount "175"]
[EventDate "2020.08.23"]
[EventRounds "9"]
[EventCountry "CZE"]

1. e4 c5 2. d4 cxd4 3. c3 dxc3 4. Nxc3 Nc6 5. Nf3 e6 6. Bc4 Qc7 7. O-O Nf6 8.
Qe2 Ng4 9. g3 d6 10. Rd1 Be7 11. Bf4 Nge5 12. Nb5 Qb8 13. Bb3 a6 14. Nc3 O-O
15. Rac1 b5 16. Nxe5 Nxe5 17. Be3 Bb7 18. f4 Nd7 19. Bc2 Nc5 20. b4 Nd7 21. Qd3
e5 22. a4 Bc6 23. a5 Nf6 24. h3 Qb7 25. Bb6 Nd7 26. Be3 Nf6 27. Kh2 Rac8 28.
Nd5 Bxd5 29. exd5 e4 30. Qd2 Rc4 31. Bb3 Rxc1 32. Rxc1 Rc8 33. Rxc8+ Qxc8 34.
g4 Nd7 35. g5 f6 36. gxf6 Bxf6 37. Bd4 Qf8 38. Kg3 Bxd4 39. Qxd4 Nf6 40. Kh2
Qe7 41. Bd1 e3 42. Be2 Qe4 43. Qxe4 Nxe4 44. Kg2 Nc3 45. Bg4 Kf7 46. Be6+ Kf6
47. Kf3 e2 48. Kf2 g5 49. fxg5+ Kxg5 50. Bc8 Nxd5 51. Bxa6 Nxb4 52. Bxb5 Kh4
53. Bd7 d5 54. Kxe2 d4 55. Kf3 Kg5 56. Ke4 d3 57. Ke3 Kf6 58. Bb5 Ke5 59. Bxd3
h6 60. Bc4 Kf5 61. Kd2 Ke5 62. Kc3 Nc6 63. a6 Kd6 64. Kd2 Kc5 65. Be2 Kd4 66.
Bf3 Na7 67. Ke2 Ke5 68. Ke3 Nc8 69. Bg4 Na7 70. Bd7 Kd6 71. Ba4 Ke5 72. Kf3 Nc8
73. Kg3 Na7 74. Kg4 Kf6 75. Kh5 Kg7 76. Bd7 Kh7 77. Kg4 Kg6 78. Bf5+ Kf6 79. h4
Nc6 80. Kf4 Na7 81. Ke4 Nb5 82. Bd7 Na7 83. Kd5 Ke7 84. Bg4 Kd8 85. Kd6 Ke8 86.
Kc5 Ke7 87. Kb6 Nc8+ 88. Bxc8  1-0

[Event "Mezinarodni turnaj - CALLIDITAS OPEN"]
[Site "Plzen"]
[Date "2020.08.23"]
[Round "1"]
[Board "24"]
[White "Roubal, Matyáš"]
[Black "Hodan, Jirí"]
[Result "0-1"]
[WhiteElo "1471"]
[BlackElo "1871"]
[PlyCount "42"]
[EventDate "2020.08.23"]
[EventRounds "9"]
[EventCountry "CZE"]

1. e4 e5 2. Nf3 Nc6 3. d4 exd4 4. Bc4 Nf6 5. e5 Ne4 6. c3 d5 7. Bb3 Bg4 8. h3
Bh5 9. g4 Bg6 10. O-O h5 11. cxd4 hxg4 12. hxg4 Qd7 13. Ng5 Nxd4 14. f3 Bc5 15.
Kg2 Nxg5 16. Bxg5 Ne6 17. Bd2 O-O-O 18. Bc2 Bxc2 19. Qxc2 Qe7 20. Nc3 Qh4 21.
Be3 Qh2#  0-1

[Event "Mezinarodni turnaj - CALLIDITAS OPEN"]
[Site "Plzen"]
[Date "2020.08.23"]
[Round "1"]
[Board "25"]
[White "Švanda, Adam"]
[Black "Mastný, Theodor"]
[Result "1-0"]
[WhiteElo "1852"]
[BlackElo "1440"]
[PlyCount "113"]
[EventDate "2020.08.23"]
[EventRounds "9"]
[EventCountry "CZE"]

1. c4 e5 2. Nc3 Nf6 3. g3 Bb4 4. Qc2 Nc6 5. Nf3 d6 6. Bg2 Be6 7. b3 Qd7 8. a3
Bf5 9. Qb2 Bxc3 10. Qxc3 O-O 11. O-O Rfe8 12. Bb2 Ne4 13. Qe3 Nc5 14. Rac1 Ne6
15. Rfe1 Rad8 16. b4 f6 17. Nh4 Bg6 18. Nxg6 hxg6 19. b5 Na5 20. Qxa7 Ra8 21.
Qe3 c6 22. bxc6 bxc6 23. Qc3 Qc7 24. e3 Rab8 25. d4 Rb3 26. Qc2 Reb8 27. Ba1
Rxa3 28. Qxg6 Qf7 29. Qxf7+ Kxf7 30. dxe5 dxe5 31. Bc3 Nxc4 32. Bxc6 Nb2 33.
Bxb2 Rxb2 34. Ra1 Rxa1 35. Rxa1 Ng5 36. Bd5+ Kg6 37. Kg2 Rd2 38. Ra5 Kf5 39. h4
Nh7 40. e4+ Kg6 41. g4 Nf8 42. Ra8 Nd7 43. Rd8 Nc5 44. Bf7+ Kxf7 45. Rxd2 Nxe4
46. Ra2 Nc3 47. Rc2 Nd5 48. Rc5 Nf4+ 49. Kf3 Ne6 50. Ra5 Nd4+ 51. Ke4 Kg6 52.
f4 Nb3 53. f5+ Kh6 54. Ra8 Kh7 55. g5 Nd2+ 56. Kd3 Nf3 57. g6+  1-0